Plánovacie normatívy v hromadnej výrobe diplomová práca

Enregistré dans:
Détails bibliographiques
Auteur principal: Jurčiová, Lenka
Collectivité auteur: Fakulta podnikového manažmentu EU. Katedra manažmentu výroby a logistiky - zrušená
Autres auteurs: Rakovská, Júlia, 1972-
Format: Livre
Langue:slovaque
Publié: Bratislava 2018
Tags: Ajouter un tag
Pas de tags, Soyez le premier à ajouter un tag!

MARC

LEADER 00000nbm a2200000 4500
001 0244881
005 20181009130203.4
041 0 |a slo 
044 |a SK 
245 1 0 |a Plánovacie normatívy v hromadnej výrobe  |b diplomová práca  |c Lenka Jurčiová ; školiteľ: Júlia Rakovská 
264 1 |a Bratislava  |c 2018 
300 |a 80 s. 
100 1 |a Jurčiová, Lenka 
700 1 |a Rakovská, Júlia, 1972- 
710 2 |a Fakulta podnikového manažmentu EU. Katedra manažmentu výroby a logistiky - zrušená